000 00892nam a2200301 i 4500
999 _c65277
_d65277
001 768714001
003 CO-MdFUSB
005 20191023124900.0
008 191002t1995 ag |||| |||| 00| 0 spa d
020 _a9789504220295
040 _aCO-MdFUSB
_bspa
_cCO-MdFUSB
_dCO-MdFUSBC
_erda
041 _aspa
082 _223
_a813.54
_bY19
100 _aYalom, Irvin D.
_eautor
245 3 _aEl día que Nietzsche lloró.
_c/ Irvin D. Yalom ; traducido por Rolando Costa Picazo
264 1 _aBuenos Aires :
_bEmecé,
_c[1995]
264 4 _c© 1995
300 _a377 páginas
_c; 22 cm
336 _2rdacontent
_atexto
_btxt
337 _2rdamedia
_asin mediación
_bn
338 _2rdacarrier
_avolumen
_bnc
563 _aRústico
653 _aLiteratura americana.
653 _aNovela americana.
700 _92599
_aCosta Picazo, Rolando.
_etraductor
942 _cBK
945 _aJTF-925